A new experts code of practice (Record no. 104473)
[ view plain ]
| 000 -LEADER | |
|---|---|
| fixed length control field | 00904cab a2200193 4500 |
| 001 - CONTROL NUMBER | |
| control field | L130519 |
| 008 - FIXED-LENGTH DATA ELEMENTS--GENERAL INFORMATION | |
| fixed length control field | 050808n2005 000 0 eng u |
| 035 ## - SYSTEM CONTROL NUMBER | |
| System control number | (Sirsi) u130519 |
| 041 ## - LANGUAGE CODE | |
| Language code of text/sound track or separate title | eng |
| 100 ## - MAIN ENTRY--PERSONAL NAME | |
| Personal name | Thompson, Brian |
| 245 #2 - TITLE STATEMENT | |
| Title | A new experts code of practice |
| 260 ## - PUBLICATION, DISTRIBUTION, ETC. | |
| Date of publication, distribution, etc. | 2005 |
| 490 ## - SERIES STATEMENT | |
| Series statement | New Law Journal |
| Volume/sequential designation | 155(7187) 29 July 2005, 1158(1) |
| 520 ## - SUMMARY, ETC. | |
| Summary, etc. | Examines the new "Code of practice for experts" which has been jointly prepared by The Academy of Experts and the Expert Witness Institute. Gives reasons for the new code, including the need to ensure compatibility with the new EuroExpert code. |
| 590 ## - LOCAL NOTE (RLIN) | |
| Local note | IKA160805 |
| 690 ## - LOCAL SUBJECT ADDED ENTRY--TOPICAL TERM (OCLC, RLIN) | |
| Topical term or geographic name as entry element | MANAGEMENT-DISPUTE AVOIDANCE, MANAGEMENT AND RESOLUTION-DISPUTE MANAGEMENT AND RESOLUTION-EXPERT WITNESSES |
| 856 ## - ELECTRONIC LOCATION AND ACCESS | |
| Uniform Resource Identifier | <a href="https://www.ewi.org.uk/files/CodeofPPractice.pdf">https://www.ewi.org.uk/files/CodeofPPractice.pdf</a> |
| Public note | View the Code of practice free of charge at www.ewi.gov.uk... |
| 942 ## - ADDED ENTRY ELEMENTS (KOHA) | |
| Suppress in OPAC | 0 |
| Withdrawn status | Lost status | Source of classification or shelving scheme | Damaged status | Not for loan | Home library | Current library | Shelving location | Date acquired | Total Checkouts | Full call number | Barcode | Date last seen | Copy number | Price effective from | Koha item type |
|---|---|---|---|---|---|---|---|---|---|---|---|---|---|---|---|
| Dewey Decimal Classification | London | London | Journal article | 08/08/2005 | L130519 | 130519-1001 | 06/08/2019 | 1 | 06/08/2019 | Journal article |